| 000 | 00442 a2200145 4500 | ||
|---|---|---|---|
| 001 | 155465 | ||
| 040 | _cEscola São Tomás de Aquino | ||
| 100 | _aALVES, Junuária Cristina | ||
| 240 | 1 | 0 |
_aO saci-pererê e outras figuras traquinas do folclore brasileiro _lpor |
| 245 | 1 | 0 | _aO saci-pererê e outras figuras traquinas do folclore brasileiro |
| 362 | 0 | _a2017 | |
| 440 | 1 | _aFTD | |
| 697 | _aFolclore / Adivinhações / Lendas | ||
| 942 | _cBK | ||
| 999 |
_c155465 _d155465 |
||